Tous les Pokemon de type Electrik (1G) - Statistiques

Statistiques générales
  • Ce quiz a été pris 25 fois
  • Le résultat moyen est 8 sur 9
Statistiques - réponses
Indices Réponses % Correct
Electrik + Vol Electhor
100%
Electrik Pikachu
100%
Electrik Raichu
100%
Electrik + Acier Magnéti
95%
Electrik + Acier Magnéton
95%
Electrik Electrode
91%
Electrik Elektek
91%
Electrik Voltorbe
91%
Electrik Voltali
77%
Aucun quiz correspondant
Distribution des résultats
% des personnes avec chaque résultat
Percentile par nombre de réponses
Votre historique - résultats
Vous n’avez pas pris ce quiz